000 00517nam a2200181Ia 4500
008 240925s9999 xx 000 0 und d
020 _a861875826
082 _a338.091321 STA
100 _aStankiewicz, Rikard
245 0 _aAcademics and Entrepreneurs: Developing University-Industry Relations
250 _aNA
260 _aLondon:
_bFrances Pinter
_c,1986.
300 _aVarious pages
_bNA
_fOriginal
500 _aIncludes Bibliography
600 _aSocial Sciences
650 _aSocial Sciences
942 _cBK
999 _c3331
_d3331